| 000 | 00798nam a2200193 a 4500 | ||
|---|---|---|---|
| 001 | 4065 | ||
| 005 | 20140414131945.0 | ||
| 008 | 081217s19uu xx 00 eng d | ||
| 020 | _a0-439-44404-7 | ||
| 050 |
_aTR 372.4 _bOr3 2002 |
||
| 100 | _aOrehovec, Barbara | ||
| 245 |
_aRevisiting the reading workshop : _bmanagement, mini-lessons, and strategies : a complete guide to organizing and managing an effective reading workshop that builds independent, strategic readers / _cby Barbara Orehovec and Marybeth Alley. |
||
| 260 |
_aNew York : _bScholastci, _cc2002. |
||
| 300 | _a160 p. : ill. ; cm. | ||
| 440 | _aScholastic Teaching Strategies | ||
| 500 | _a"Grades1-5"-- Cover.Includes bibliographical references (p.149-155). | ||
| 650 |
_aReading and writing _xKindergarten. |
||
| 999 |
_c112653 _d112653 |
||